1291 1924 1592 1475 1566 1503 1064 1217 1324 1635 1537 1911 1057 1274 1834 1481 1651 1219 1600 1534 1871 1269 1466 1741 1278 1227 1212 1628 1708 1374 1323 1666 1259 1216 1581 1026 1788 1387 1782 1043 1503 1875 1407 1984 1406 1657 1212 1703 1209 1331 1670 1242 1653 1710 1756 1494 1023 1974 1873 1547 1315 1007 1527 2000 1629 1526 1689 1756 1397 1776 1219 1412 1639 1674 1342 1790 1424 1185 1507 1688 1515 1435 1982 1545 1658 1532 1590 1120 1329 1740 1015 1329 1327 1391 1699 1971 1292 1417 1598 BCNSPRNW ULIB Ver.6.0+V

เปลี่ยนเป็นภาษาไทย

Change to English
 แสดงรายละเอียดบรรณานุกรม
  กลับหน้าหลัก

Brief Record : Get Marc (ISO 2709) : E-mail record : QR code < ปิดหน้าต่าง
LEADER : 00000nam 2200000uu 4500
001    13399123706
003     ULIB
008    141116s2549||||th 000 0 tha d
020    9789747074888
099    นว.^bว282ว
100 0  วนวรรณ
245 00 วันที่รอคอย^cวนวรรณ
260    กรุงเทพฯ:^bสำนักพิมพ์อรุณ,^c2549
945    ^p425^l0^i018789
999    ^aเกษร โพธิ์สุวรรณ
รายการนี้ยังไม่มีแท็ก
คุณยังไม่ได้ล็อกอิน คุณสามารถมีกิจกรรมร่วมกับเว็บไซต์ได้ แต่ต้องล็อกอินก่อน ::
  ล็อกอิน

รายการสื่อสารสนเทศ

ลำดับที่ ประเภท เลขเรียก/บาร์โค้ด สถานที่ สถานะ
1. นวนิยาย
นวนิยาย
นว. ว282ว ฉ.1 
  Barcode: 018789
ห้องสมุดวิทยาเขตนครสวรรค์
►นวนิยาย:l:Fiction
บนชั้น

รายการใกล้เคียง
    ผู้แต่ง [วนวรรณ]

BibComment


ยังไม่เคยถูกคอมเมนท์

คอมเมนท์ทรัพยากรรายการนี้
  คอมเมนท์: วันที่รอคอย วนวรรณ


 Copyright 2026. Bcnsprnw @Library